Dinámica de grupo en la clase escolar /
Guardado en:
| Autor Principal: | |
|---|---|
| Formato: | Libro |
| Publicado: |
Buenos Aires :
Kapelusz,
1974
|
| Series: | Bib. de cult. pedagogica, 136
|
| Materias: | |
| Etiquetas: |
Agregar Etiqueta
Sin Etiquetas, Sea el primero en etiquetar este registro!
|
| LEADER | 00701nam a22002055a 4500 | ||
|---|---|---|---|
| 001 | CEM.cems006866 | ||
| 005 | 20060214000000.0 | ||
| 008 | 130507s1974##################000#0#####d | ||
| 003 | CEMS | ||
| 082 | 0 | 4 | |a 370.19 |
| 100 | 1 | |a Ulich, Dieter | |
| 245 | 1 | 0 | |a Dinámica de grupo en la clase escolar / |
| 260 | |a Buenos Aires : |b Kapelusz, |c 1974 | ||
| 300 | |a 96 p. | ||
| 490 | 0 | |a Bib. de cult. pedagogica, 136 | |
| 505 | 0 | |a Din mica grupal y educaci¢n: intenciónes, conceptos, teor¡as.- Resultados y problemas de los an lisis sociol¢gicos en la clase escolar | |
| 653 | |a Clase escolar | ||
| 653 | |a Dinamica de grupos | ||
| 653 | |a Educacion | ||
| 859 | |a CEMS |b BIB. CEMS - 11 de abril |h 370.19 |i UL3 |p 11541.82 |t Ej.1 | ||
